[Event "112th US Open"]
[Site "Orlando USA"]
[Date "2011.08.06"]
[Round "8"]
[White "Van Wely,L"]
[Black "Gurevich,D"]
[Result "0-1"]
[WhiteElo "2683"]
[BlackElo "2479"]

1.d4 d5 2.c4 e6 3.Nf3 Nf6 4.g3 Be7 5.Bg2 O-O 6.O-O dxc4 7.Qc2 b5 8.a4 b4
9.Qxc4 Bb7 10.Bf4 Nd5 11.Rc1 Nxf4 12.gxf4 Nd7 13.Nbd2 c5 14.dxc5 Nxc5 15.Qc2 Rc8
16.Qd1 Bf6 17.Rab1 Qa5 18.b3 Rfd8 19.Qf1 Bc3 20.Nc4 Qa6 21.Nfe5 f6 22.Bxb7 Qxb7
23.Na5 Qe4 24.Nec4 Qxf4 25.e3 Qc7 26.Qh3 Rd5 27.e4 Rd3 28.Qg4 h5 29.Qxh5 Qf4
30.Rd1 Bd4 31.Qe2 Bxf2+ 32.Kg2 Rg3+  0-1

[Event "50th World Juniors"]
[Site "Chennai IND"]
[Date "2011.08.07"]
[Round "6.20"]
[White "Kuchynka,Luk"]
[Black "Shyam,SM"]
[Result "1/2-1/2"]
[WhiteElo "2339"]
[BlackElo "2478"]

1.d4 Nf6 2.c4 e6 3.Nf3 d5 4.g3 Be7 5.Bg2 O-O 6.O-O dxc4 7.Qc2 b5 8.a4 b4
9.Nbd2 Bb7 10.Nxc4 Be4 11.Qb3 Bd5 12.Qd3 Be4 13.Qb3 Bd5 14.Qd3 Be4 15.Qb3  1/2-1/2

[Event "Split Open"]
[Site "Split CRO"]
[Date "2011.08.07"]
[Round "3.2"]
[White "Licina,Z"]
[Black "Saric,Ib"]
[Result "0-1"]
[WhiteElo "2273"]
[BlackElo "2563"]

1.d4 Nf6 2.c4 e6 3.g3 d5 4.Bg2 Be7 5.Nf3 O-O 6.O-O dxc4 7.Ne5 Nc6 8.Nxc6 bxc6
9.Nc3 Nd5 10.Qa4 Nb6 11.Qxc6 Rb8 12.Bf4 Bd6 13.Bxd6 cxd6 14.e4 Ba6 15.e5 dxe5
16.dxe5 Bb7 17.Qc5 Bxg2 18.Kxg2 Qd2 19.Rab1 Rfc8 20.Qa3 Nd5 21.Rfd1 Ne3+  0-1

[Event "20th ZMDI Open A"]
[Site "Dresden GER"]
[Date "2011.08.08"]
[Round "3.6"]
[White "Arun Prasad,S"]
[Black "Rychagov,A"]
[Result "1/2-1/2"]
[WhiteElo "2489"]
[BlackElo "2560"]

1.d4 d5 2.c4 e6 3.Nf3 Nf6 4.g3 Be7 5.Bg2 O-O 6.O-O dxc4 7.Qc2 a6 8.Qxc4 b5
9.Qc2 Bb7 10.Bd2 Be4 11.Qc1 Bb7 12.Bf4 Nd5 13.Nc3 Nxf4 14.Qxf4 Nd7 15.Rfd1 Bd6
16.Qe3 Qe7 17.Ne5 Bxg2 18.Nxd7 Qxd7 19.Kxg2 f5 20.f4 c5 21.dxc5 Qc6+ 22.Qf3 Qxf3+
23.Kxf3 Bxc5 24.Rac1 Rac8 25.a4 b4 26.Nb1 Be7 27.Nd2 Bf6 28.Nc4 b3 29.Ne5 Rfd8
30.Rxd8+ Rxd8 31.Rc3 Bxe5 32.fxe5 Rd4 33.Rxb3 Rxa4 34.Rb8+  1/2-1/2

[Event "20th ZMDI Open A"]
[Site "Dresden GER"]
[Date "2011.08.08"]
[Round "3.22"]
[White "Bluebaum,M"]
[Black "Hansch,T"]
[Result "1-0"]
[WhiteElo "2329"]
[BlackElo "2174"]

1.d4 d5 2.c4 e6 3.Nf3 Nf6 4.g3 Be7 5.Bg2 O-O 6.O-O Nbd7 7.Qc2 c6 8.Nbd2 b6
9.e4 Ba6 10.b3 Rc8 11.Bb2 Qc7 12.Rfe1 Rfd8 13.Rac1 Qb7 14.Qb1 Qa8 15.Ne5 Bb7
16.Nxd7 Nxd7 17.a3 a5 18.f4 Re8 19.Kh1 dxe4 20.Qxe4 Rb8 21.Qe2 c5 22.Nf3 cxd4
23.Nxd4 Bf6 24.Rcd1 Nc5 25.b4 axb4 26.axb4 Nb3 27.Nxb3 Bxg2+ 28.Qxg2 Bxb2
29.Qxa8 Rxa8 30.Rd6 Rec8 31.Re2 Bf6 32.Rxb6 Rxc4 33.Rb7 h5 34.Na5 Rxb4 35.Rxb4 Rxa5
36.Kg2 Ra7 37.Rc4 g6 38.Rec2 Bd8 39.Rc8 Rd7 40.Kf3 Kg7 41.Ke2 Bf6 42.R8c7 Rxc7
43.Rxc7 e5 44.Kf3 exf4 45.Kxf4 Kf8 46.Ke4 Bb2 47.Kd5 Ke8 48.Ra7 Bc3 49.Rb7 Bg7
50.Kd6 Bf8+ 51.Kc6 Bg7 52.Rb4 Be5 53.Re4 f6 54.Kd5 Kf7 55.Ra4 g5 56.Ra7+ Kg6
57.Ke6 h4 58.gxh4 gxh4 59.h3 Bf4 60.Ra8 Bh6 61.Rc8 f5 62.Rc5 f4 63.Rf5 Bg5
64.Ke5 Bd8 65.Kxf4 Bc7+ 66.Kg4 Bg3 67.Rf1 Kh6 68.Rf6+ Kg7 69.Kg5 Be1 70.Rf4 Bg3
71.Rf1 Kh7 72.Rf7+ Kg8 73.Kg6 Bh2 74.Rf2 Bg3 75.Re2 Kf8 76.Re4  1-0

[Event "FSGM August"]
[Site "Budapest HUN"]
[Date "2011.08.09"]
[Round "4"]
[White "Czebe,A"]
[Black "Varga,Zo"]
[Result "1/2-1/2"]
[WhiteElo "2526"]
[BlackElo "2483"]

1.d4 d5 2.Nf3 Nf6 3.c4 e6 4.g3 Be7 5.Bg2 O-O 6.O-O dxc4 7.Qc2 a6 8.a4 Bd7
9.Nbd2 Bc6 10.Nxc4 Be4 11.Qb3 Nc6 12.Be3 Nb4 13.Rfc1 a5 14.Nfe5 Bxg2 15.Kxg2 Qd5+
16.f3 b6 17.Bf2 Qb7 18.e4 Rad8 19.Rd1 h6 20.Rac1 Nd7 21.Nxd7 Rxd7 22.Ne5 Rdd8
23.Qc4 Bd6 24.Nc6 Nxc6 25.Qxc6 Qxc6 26.Rxc6 e5 27.h3 f6 28.Rc2 exd4 29.Rxd4 f5
30.exf5 Rxf5  1/2-1/2

[Event "29th World Junior Girls"]
[Site "Chennai IND"]
[Date "2011.08.09"]
[Round "7.30"]
[White "Shetye,Si"]
[Black "Anjana Krishna,S"]
[Result "1-0"]
[WhiteElo "1890"]
[BlackElo "1830"]

1.d4 d5 2.Nf3 Nf6 3.c4 e6 4.g3 Be7 5.Bg2 O-O 6.O-O Nbd7 7.Qc2 c6 8.Nbd2 b6
9.e4 dxe4 10.Nxe4 Nxe4 11.Qxe4 Bb7 12.Rd1 Bf6 13.Bf4 Qe7 14.Ne5 Rac8 15.h4 Rfd8
16.Qe2 Nf8 17.Rac1 c5 18.dxc5 Bxg2 19.Kxg2 Qxc5 20.Ng4 Bd4 21.a3 Qc6+ 22.Kh2 Ng6
23.Be3 e5 24.h5 Nf8 25.h6 Qg6 26.hxg7 Qh5+ 27.Kg2 Kxg7 28.Bxd4 exd4 29.Rh1 Qg5
30.f4 d3 31.Qf3 Qa5 32.Rcd1 Rxc4 33.Ne3 Rc5 34.b4 Qxa3 35.bxc5 Qb2+ 36.Qf2 d2
37.cxb6 axb6 38.Nc4 Qc3 39.Nxd2 Qc6+ 40.Qf3 Qc2 41.Qf2 b5 42.Nf3 Qxd1 43.Rxd1 Rxd1
44.Qb2+ Kg8 45.Qxb5 Ne6 46.Qe8+ Kg7 47.Ne5 Nd8 48.Qe7 Rd2+ 49.Kf3 h6 50.f5 Rd1
51.f6+ Kg8 52.Ke2 Rd5 53.Nxf7 Nc6 54.Nxh6+  1-0

[Event "RTU Open A"]
[Site "Riga LAT"]
[Date "2011.08.09"]
[Round "1"]
[White "Schneider,Il"]
[Black "Lehto,Antti"]
[Result "1-0"]
[WhiteElo "2498"]
[BlackElo "2143"]

1.d4 Nf6 2.c4 e6 3.g3 d5 4.Nf3 Be7 5.Bg2 O-O 6.O-O c6 7.Bf4 b6 8.Qc2 Bb7
9.Rd1 Nbd7 10.Nc3 Rc8 11.Ne5 Re8 12.e4 Nxe4 13.Nxe4 dxe4 14.Bxe4 h6 15.Bh7+ Kf8
16.Nxf7 Kxf7 17.Qg6+ Kf8 18.Qxe6  1-0

[Event "Split Open"]
[Site "Split CRO"]
[Date "2011.08.09"]
[Round "5.20"]
[White "Foglia,M"]
[Black "Bosiocic,Mark"]
[Result "1/2-1/2"]
[WhiteElo "2213"]
[BlackElo "2115"]

1.d4 d5 2.Nf3 e6 3.g3 Nf6 4.c4 Be7 5.Bg2 O-O 6.O-O b6 7.Nc3 Bb7 8.b3 Nbd7
9.Bb2 c5 10.e3 a6 11.Ne5 Qc7 12.Nxd7 Qxd7 13.dxc5 bxc5 14.Rc1 Bc6 15.Ne2 Rac8
16.cxd5 exd5 17.Bxf6 Bxf6 18.Rxc5 Be7 19.Rc2 Bb5 20.a4 Bxe2 21.Rxe2 Bb4 22.Qxd5 Qxd5
23.Bxd5 a5 24.e4 Rfd8 25.f4 Rc7 26.Kg2 Kf8 27.g4 Ke7 28.h4 Rdc8 29.Bc4 Rd8
30.Kf3 Rd2 31.Rxd2 Bxd2 32.Rd1 Bb4 33.e5 f6 34.Ke4 fxe5 35.fxe5 Rc8 36.Rd5 Rc5
37.Rd3 Rc8 38.Rf3 Rf8 39.Rh3 Rf2 40.g5 Be1 41.Bg8 Re2+ 42.Kd4 Rd2+ 43.Kc4 Rc2+
44.Kb5 Rc3 45.Rxc3 Bxc3 46.Bxh7 Ke6 47.h5 Kxe5 48.h6 gxh6 49.gxh6 Kf6 50.Be4 Kf7
51.Kb6 Kg8  1/2-1/2

[Event "7th Gazi-Heraklion Open"]
[Site "Heraklion GER"]
[Date "2011.08.10"]
[Round "6"]
[White "Aggelis,N"]
[Black "Parginos,V"]
[Result "1-0"]
[WhiteElo "2294"]
[BlackElo "2199"]

1.Nf3 d5 2.c4 e6 3.g3 Nf6 4.Bg2 Be7 5.d4 O-O 6.O-O dxc4 7.Qc2 a6 8.a4 Bd7
9.Qxc4 Bc6 10.Bf4 a5 11.Nc3 Na6 12.Rad1 Rc8 13.Rfe1 Nd5 14.Ne5 Nab4 15.Nxc6 bxc6
16.Bc1 f5 17.e4 fxe4 18.Rxe4 Qe8 19.Rxe6 Rxf2 20.Nxd5 cxd5 21.Bxd5 Nxd5 22.Qxd5 Qf7
23.Bf4 Rxb2 24.Qd7 Re8 25.Rde1 Kf8 26.h4 Qf5 27.Rf1 Rb1 28.Bc1 Qxf1+ 29.Kxf1 Rxc1+
30.Ke2 Rc2+ 31.Kd3 Ra2 32.Qxc7 Rxa4 33.d5 Ra3+ 34.Kc2 Kf7 35.Re4  1-0

[Event "Olomouc FIDE Open"]
[Site "Olomouc CZE"]
[Date "2011.08.10"]
[Round "8.5"]
[White "Rojicek,V"]
[Black "Miskulin,D"]
[Result "1/2-1/2"]
[WhiteElo "2396"]
[BlackElo "2208"]

1.d4 Nf6 2.c4 e6 3.g3 d5 4.Bg2 Be7 5.Nf3 O-O 6.O-O dxc4 7.Qc2 a6 8.a4 b6
9.Ne5 Nd5 10.Nc3 Bb7 11.Nxd5 exd5 12.Nxc4 Nc6 13.Ne3 Nxd4 14.Qd3 c5 15.b3 Bf6
16.Bb2 Re8 17.Rad1 Qd7 18.Rd2 a5 19.Bxd4 Bxd4 20.Nxd5 Bxd5 21.Bxd5 Qxd5 22.e3 Rad8
23.exd4 Re4 24.Qb5 Rxd4 25.Rxd4 cxd4 26.Qxb6 d3 27.Qb5 d2 28.Qxd5 Rxd5 29.Rd1 g6  1/2-1/2

[Event "50th World Juniors"]
[Site "Chennai IND"]
[Date "2011.08.11"]
[Round "9.36"]
[White "Sapozhnikov,R"]
[Black "Aravindh,Chithambaram VR."]
[Result "1-0"]
[WhiteElo "2295"]
[BlackElo "2212"]

1.d4 Nf6 2.c4 e6 3.Nf3 d5 4.g3 Be7 5.Bg2 O-O 6.O-O Nbd7 7.Qc2 c5 8.cxd5 exd5
9.Nc3 b6 10.Bf4 Bb7 11.Rfd1 Rc8 12.Rac1 a6 13.Qb1 b5 14.dxc5 Bxc5 15.Nd4 Qb6
16.Qd3 Rfe8 17.e3 Ne5 18.Bxe5 Rxe5 19.Nb3 Bf8 20.Qd4 Qxd4 21.Nxd4 Ree8 22.Nde2 Red8
23.Nf4 Kh8 24.Ncxd5 Rxc1 25.Rxc1 Nxd5 26.Rd1 g5 27.Nxd5 Bg7 28.Nc3 Rxd1+
29.Nxd1 Bc8 30.Bd5 Kg8 31.f3 Kf8 32.Kf2 Ke7 33.Ke2 f5 34.f4 Kd6 35.Bg8 h6
36.a3 a5 37.b4 axb4 38.axb4 Bf8 39.Kd3 Bb7 40.Nc3 Bc6 41.Kc2 gxf4 42.gxf4 Be7
43.Bf7 Bh4 44.Bg6 Ke6 45.Bh7 Bf2 46.Kd2 Bh4 47.Ne2 Bf6 48.Ng3 Be4 49.Nxe4 fxe4
50.Bxe4 Be7 51.Kc3 Bf6+ 52.Kb3 Kd6 53.Bd3 Kc6 54.e4 Bd4 55.h3 Be3 56.f5 Bd4
57.Kc2 Be5 58.Kd2 Bd6 59.Ke3 Bxb4 60.Kf4 Kd6 61.e5+ Ke7 62.Bxb5 Bd2+ 63.Ke4 Bg5
64.Be2 Bh4 65.Kf4 Bg5+ 66.Kg4 Bc1 67.Bc4 h5+ 68.Kxh5 Bb2 69.f6+ Ke8 70.Kg6 Bxe5
71.h4 Bf4 72.h5 Be3 73.h6  1-0

[Event "29th World Junior Girls"]
[Site "Chennai IND"]
[Date "2011.08.11"]
[Round "9.24"]
[White "Shetye,Si"]
[Black "Krumova,A"]
[Result "1/2-1/2"]
[WhiteElo "1890"]
[BlackElo "1961"]

1.d4 d5 2.Nf3 Nf6 3.c4 e6 4.g3 Be7 5.Bg2 O-O 6.O-O dxc4 7.Qc2 a6 8.a4 Bd7
9.Qxc4 Bc6 10.Bf4 Nbd7 11.Nc3 Nb6 12.Qd3 Nfd5 13.Nxd5 Nxd5 14.e4 Nxf4 15.gxf4 f5
16.Qb3 Kh8 17.Ne5 Bxe4 18.Qxe6 Qe8 19.f3 Rf6 20.Qb3 Bc6 21.Rfe1 Qf8 22.d5 Be8
23.Qxb7 Ra7 24.Qb3 Rb6 25.Qc2 Rab7 26.Nc4 Rb4 27.Kh1 Rb8 28.Re2 Bf6 29.Ne5 Qd6
30.Qxf5 g6 31.Qe6  1/2-1/2

[Event "8th Ostroda Open"]
[Site "Ostroda POL"]
[Date "2011.08.11"]
[Round "9.1"]
[White "Budrewicz,K"]
[Black "Zielinski,Wo"]
[Result "1-0"]
[WhiteElo "2194"]
[BlackElo "2097"]

1.d4 e6 2.c4 Nf6 3.Nf3 d5 4.g3 Be7 5.Bg2 O-O 6.O-O c5 7.cxd5 exd5 8.Nc3 Be6
9.dxc5 Bxc5 10.Bg5 Nc6 11.Rc1 Be7 12.Nd4 h6 13.Bf4 Rc8 14.Nxe6 fxe6 15.Bh3 Kf7
16.Qa4 g5 17.Be3 Qa5 18.Rfd1 Qxa4 19.Nxa4 b5 20.Nc5 g4 21.Bg2 Ne5 22.Nd3 Nc4
23.Bxh6 Rh8 24.Bf4 Nh5 25.Be5 Bf6 26.Bxf6 Kxf6 27.b3 Nd6 28.Nc5 Ke7 29.e4 dxe4
30.Nxe4 Nf7 31.Nc3 b4 32.Nb5 a6 33.Rxc8 Rxc8 34.Na7 Rc2 35.Nc6+ Kf6 36.Nxb4 Rb2
37.Ra1 Ne5 38.Nxa6 Nf3+ 39.Bxf3 gxf3 40.Nc5 Kf5 41.a4 Nf6 42.h3 e5 43.a5 e4
44.a6 e3 45.fxe3 Rg2+ 46.Kf1 Rh2 47.Ra4 Kg6 48.Ne6 Kf7 49.Nf4  1-0

[Event "50th World Juniors"]
[Site "Chennai IND"]
[Date "2011.08.12"]
[Round "10.44"]
[White "Pradeep,KR"]
[Black "Benitez Lozano,J"]
[Result "1-0"]
[WhiteElo "2245"]
[BlackElo "1994"]

1.Nf3 d5 2.c4 e6 3.g3 Nf6 4.Bg2 Be7 5.d4 O-O 6.O-O b6 7.Nc3 Bb7 8.Ne5 Nbd7
9.Qa4 c6 10.cxd5 cxd5 11.Nc6 Bxc6 12.Qxc6 Rc8 13.Qa4 Qc7 14.Bf4 Qb7 15.Rac1 a6
16.Qd1 b5 17.Qd3 Nb6 18.h3 h6 19.g4 Qd7 20.Bf3 Nc4 21.b3 Bd6 22.Bxd6 Nxd6
23.Kg2 Rc7 24.Rc2 Rfc8 25.Rfc1 Qe7 26.e3 g6 27.Ne2 Rxc2 28.Rxc2 Qd7 29.Nc1 Kf8
30.Qd1 Rxc2 31.Qxc2 Qc8 32.Qc5 Ke7 33.Nd3 Nd7 34.Qa3 f5 35.Ne5 Nf8 36.Qc5 Qxc5
37.dxc5 Nf7 38.Nc6+ Kd7 39.Nb8+ Kc7 40.Nxa6+ Kc6 41.gxf5 gxf5 42.Bh5 Ne5
43.Be8+ Ned7 44.Nb8+ Kc7 45.Nxd7 Nxd7 46.Bxd7 Kxd7 47.b4 e5 48.Kf3 Ke6 49.Ke2 Kd7
50.Kd3 Ke6 51.f4 d4 52.fxe5 dxe3 53.Kxe3 Kxe5 54.Kf3 h5 55.h4 Kd5 56.Kf4 Ke6
57.c6 Kd5 58.Kxf5 Kxc6 59.Ke5  1-0

[Event "CECLUB Div2 Gp1"]
[Site "Padron ESP"]
[Date "2011.08.12"]
[Round "4"]
[White "Guerra Bastida,D"]
[Black "Varas,C"]
[Result "1/2-1/2"]
[WhiteElo "2397"]
[BlackElo "2244"]

1.g3 Nf6 2.c4 e6 3.Bg2 d5 4.Nf3 Be7 5.d4 O-O 6.O-O b6 7.Ne5 Bb7 8.Nc3 Qc8
9.cxd5 Nxd5 10.e4 Nxc3 11.bxc3 Nd7 12.f4 Nf6 13.Re1 Rd8 14.Qb3 c5 15.Bb2 Nd7
16.Nc4 Qc7 17.d5 exd5 18.exd5 Nf6 19.Rxe7 Qxe7 20.d6 Qe2 21.Bxb7 Rab8 22.Bg2 b5
23.Ne5 c4 24.Qa3 b4 25.cxb4 Rxd6 26.Qxa7 Rbd8 27.Bf1 Qxb2 28.Qxf7+ Kh8 29.Qxc4 h6
30.Nf7+ Kh7 31.Nxd6 Qxa1 32.Qd3+ Kg8 33.a4 Qe1 34.b5 h5 35.b6 Rxd6 36.Qxd6 Qe3+
37.Kh1 Qe4+ 38.Kg1 Qe3+  1/2-1/2

[Event "e2e4 Int Masters B"]
[Site "Sunningdale ENG"]
[Date "2011.08.12"]
[Round "4"]
[White "Rausis,I"]
[Black "Venkataramanan,T"]
[Result "1-0"]
[WhiteElo "2510"]
[BlackElo "2277"]

1.Nf3 d5 2.d4 Nf6 3.c4 e6 4.g3 Be7 5.Bg2 O-O 6.O-O dxc4 7.Qc2 a6 8.Qxc4 b5
9.Qc2 Bb7 10.Bg5 Nbd7 11.Bxf6 Nxf6 12.Nbd2 Rc8 13.Nb3 Be4 14.Qc3 Nd5 15.Qd2 c5
16.dxc5 Bxc5 17.Nxc5 Rxc5 18.Rac1 Qc7 19.Rxc5 Qxc5 20.Rc1 Qb4 21.Qxb4 Nxb4
22.a3 Nc6 23.Bf1 Bxf3 24.exf3 Nd4 25.Kg2 g5 26.Rc7 Rd8 27.Bd3 Rd6 28.Be4 Kg7
29.b4 Kh6 30.Rxf7  1-0

[Event "50th World Juniors"]
[Site "Chennai IND"]
[Date "2011.08.13"]
[Round "11.47"]
[White "Navalgund,N"]
[Black "Chaithanyaa,K"]
[Result "0-1"]
[WhiteElo "2188"]
[BlackElo "2088"]

1.d4 Nf6 2.c4 e6 3.g3 d5 4.Nf3 Be7 5.Bg2 O-O 6.O-O b6 7.cxd5 exd5 8.Nc3 Bb7
9.Ne5 Na6 10.Qa4 c5 11.Rd1 cxd4 12.Rxd4 Nc5 13.Qd1 Ne6 14.Rd3 Qc7 15.f4 Rad8
16.Be3 Bc5 17.Bxc5 Qxc5+ 18.e3 Ba6 19.Na4 Qb5 20.Ra3 Ne4 21.Rc1 Rc8 22.Bxe4 dxe4
23.Nc3 Rxc3 24.Raxc3 Rd8 25.Qb3 Qe2 26.Qa4 Nc5 27.Rxc5 Qxe3+ 28.Kg2 bxc5
29.Rc2 Rd2+ 30.Kh3 Bc8+ 31.Kh4 Rd8 32.Qxa7 Be6 33.Qxc5 Qxc5 34.Rxc5 f6 35.Nc4 Rd4
36.b3 Bxc4 37.bxc4 e3 38.Rc8+ Kf7 39.Rc7+ Ke8 40.Rc8+ Kd7 41.Rb8 e2 42.Rb7+ Ke8
43.Rb8+ Rd8 44.Rb1 Rd1  0-1

[Event "e2e4 Int Masters B"]
[Site "Sunningdale ENG"]
[Date "2011.08.13"]
[Round "6"]
[White "Suez Panama,G"]
[Black "Venkataramanan,T"]
[Result "0-1"]
[WhiteElo "2078"]
[BlackElo "2277"]

1.d4 d5 2.Nf3 Nf6 3.c4 e6 4.g3 Be7 5.Bg2 O-O 6.O-O dxc4 7.Qc2 a6 8.Qxc4 b5
9.Qc2 Bb7 10.Bd2 Ra7 11.Nc3 Nbd7 12.b4 Bxb4 13.Nxb5 axb5 14.Bxb4 Re8 15.Rfc1 Qa8
16.Ne1 Bxg2 17.Nxg2 Nd5 18.Bd2 Rb8 19.e4 N5f6 20.f3 Ra3 21.Ne1 Qa7 22.Qb2 Ra4
23.Be3 Nb6 24.Bf2 Nc4 25.Qe2 Qa5 26.Rc2 h5 27.Nd3 Ra3 28.Nc5 Ra8 29.Be1 Qb6
30.Bb4 R3a7 31.Qf2 Na5 32.Rac1 Rd8 33.Nb3 Nxb3 34.axb3 Nd7 35.Rc6 Qb8 36.Qc2 Nf6
37.Bc5 Ra8 38.Qb2 Rd7 39.Ra1 Qb7 40.d5 exd5 41.Rxa8+ Qxa8 42.Rxf6 gxf6 43.Qxf6 Qd8
44.Qh6 dxe4 45.Be3 Rd1+ 46.Kf2 exf3 47.Qxh5 Rf1+  0-1

[Event "10th Lichtenberger Sommer"]
[Site "Berlin GER"]
[Date "2011.08.14"]
[Round "2.54"]
[White "Burger,H"]
[Black "Lieder,G"]
[Result "1-0"]
[WhiteElo "2166"]
[BlackElo "1847"]

1.d4 d5 2.c4 e6 3.Nf3 Nf6 4.g3 Be7 5.Bg2 O-O 6.O-O b6 7.Nc3 Bb7 8.Ne5 Qc8
9.cxd5 Nxd5 10.e4 Nxc3 11.bxc3 Nd7 12.f4 Nf6 13.Re1 c6 14.Qb3 Qc7 15.Bb2 Rac8
16.c4 c5 17.d5 exd5 18.exd5 Bd6 19.a4 Rb8 20.Qc3 Ba8 21.Rad1 a6 22.Ng4 Nh5
23.Nh6+ Kh8 24.Nf5 Rg8 25.Bf3  1-0

[Event "10th Lichtenberger Sommer"]
[Site "Berlin GER"]
[Date "2011.08.14"]
[Round "2.38"]
[White "Krueger,Ek"]
[Black "Hein,E"]
[Result "0-1"]
[WhiteElo "1878"]
[BlackElo "2145"]

1.d4 Nf6 2.c4 e6 3.g3 d5 4.Nf3 Be7 5.Bg2 O-O 6.Qc2 b6 7.O-O Bb7 8.Rd1 Qc8
9.Bg5 Nbd7 10.Nbd2 h6 11.Bxf6 Nxf6 12.c5 bxc5 13.dxc5 c6 14.b4 a5 15.a3 Qc7
16.Nb3 axb4 17.axb4 e5 18.Nfd2 Ba6 19.e4 Rfb8 20.Ra4 Bd3 21.Qxd3 dxe4 22.Nxe4 Rxa4
23.Nxf6+ Bxf6 24.Qf5 Rd8 25.Rxd8+ Qxd8 26.Qc2 Rxb4 27.Bxc6 e4 28.Nc1 Qd4
29.Nb3 Qd3 30.Qxd3 exd3 31.Bd5 Kf8 32.Kf1 Ke7 33.Ke1 Bc3+ 34.Kd1 g5 35.f3 f5
36.h3 h5 37.Bg8 h4 38.g4 fxg4 39.fxg4 Rf4 40.Nd2 Rf2  0-1

[Event "50th World Juniors"]
[Site "Chennai IND"]
[Date "2011.08.14"]
[Round "12.26"]
[White "Cori,J"]
[Black "Turqueza,M"]
[Result "0-1"]
[WhiteElo "2514"]
[BlackElo "2235"]

1.d4 Nf6 2.c4 e6 3.g3 d5 4.Nf3 Be7 5.Bg2 O-O 6.O-O dxc4 7.Ne5 Nc6 8.Nxc6 bxc6
9.e3 Rb8 10.Qa4 c5 11.dxc5 Bxc5 12.Qxc4 Qd6 13.Qc2 Rd8 14.Nc3 Ba6 15.Rd1 Bd3
16.Qd2 Qe7 17.Qe1 e5 18.b3 e4 19.Bb2 Bb4 20.h3 h5 21.Bf1 Bxf1 22.Qxf1 Rxd1
23.Rxd1 Rd8 24.Nb5 h4 25.Nxa7 Rxd1 26.Qxd1 hxg3 27.Nc6 Qe6 28.Qd8+ Kh7 29.Qxc7 Bd6
30.Qd8 Qxh3 31.fxg3 Qxg3+ 32.Kf1 Ng4 33.Ke2 Qf2+  0-1

[Event "50th World Juniors"]
[Site "Chennai IND"]
[Date "2011.08.14"]
[Round "12.32"]
[White "Gagare,Shar"]
[Black "Valsecchi,A"]
[Result "1/2-1/2"]
[WhiteElo "2223"]
[BlackElo "2354"]

1.c4 e6 2.g3 Nf6 3.Bg2 d5 4.d4 Be7 5.Nf3 O-O 6.O-O dxc4 7.Qc2 b5 8.a4 b4
9.Ne5 Qxd4 10.Nxc4 Ba6 11.Bxa8 Qxc4 12.Qxc4 Bxc4 13.Bf3 Nbd7 14.Bf4 c5 15.Nd2 Ba6
16.Rfc1 Nd5 17.Nc4 Bxc4 18.Rxc4 g5 19.Bd2 Ne5 20.Rc2 c4 21.Bg2 Rc8 22.e4 Nb6
23.a5 Nbd7 24.f4 b3 25.Rc3 Nd3 26.Bf1 Nxb2 27.Rb1 Ba3 28.Bc1 Bc5+ 29.Kg2 Nd1
30.Rxc4 b2 31.Rxb2 Nxb2 32.Bxb2 Rb8 33.Rc2 gxf4 34.gxf4 Kf8 35.e5 Ke7 36.Bd3 h6
37.f5 exf5 38.Bxf5 Rb5 39.Bc3 Ba3 40.Bd4 Nxe5 41.a6 Nd7 42.Bxd7 Kxd7 43.Rf2 f5
44.Bxa7 Ra5 45.Be3 Rxa6  1/2-1/2

[Event "20th ZMDI Open A"]
[Site "Dresden GER"]
[Date "2011.08.14"]
[Round "9.11"]
[White "Arun Prasad,S"]
[Black "Zumsande,M"]
[Result "1/2-1/2"]
[WhiteElo "2489"]
[BlackElo "2434"]

1.d4 d5 2.c4 e6 3.Nf3 Nf6 4.g3 Be7 5.Bg2 O-O 6.O-O dxc4 7.Qc2 b5 8.a4 b4
9.Nbd2 Bb7 10.Nxc4 Be4 11.Qd1 c5 12.Bg5 Nbd7 13.Nfe5 Bxg2 14.Kxg2 Rc8 15.Rc1 Qc7
16.Nxd7 Qxd7 17.dxc5 Qb7+ 18.Kg1 Rxc5 19.Be3 Rd5 20.Qb3 Rfd8 21.Rfd1 h5 22.Rxd5 Rxd5
23.Bf4 Rc5 24.Rd1 Qe4 25.Ne3 a5 26.h4 Qc6 27.Bg5 Qc7 28.Qd3 Nd5 29.Bxe7  1/2-1/2

[Event "24th Panevezys Open"]
[Site "Panevezys LTU"]
[Date "2011.08.14"]
[Round "7"]
[White "Stalemekas,E"]
[Black "Krivonosov,O"]
[Result "0-1"]
[WhiteElo "2131"]
[BlackElo "2448"]

1.d4 d5 2.c4 e6 3.Nf3 Nf6 4.g3 Be7 5.Bg2 O-O 6.O-O dxc4 7.Qc2 a6 8.Qxc4 b5
9.Qc2 Bb7 10.Bf4 Nc6 11.Rd1 Nb4 12.Qc1 Rc8 13.a3 Nbd5 14.Nc3 c5 15.Nxd5 Nxd5
16.Qd2 Qb6 17.e3 Nxf4 18.dxc5 Nh3+ 19.Bxh3 Qxc5 20.Bg2 Rfd8 21.Qe2 Bf6 22.Ne1 Bxg2
23.Kxg2 g6 24.Nd3 Qc4 25.Rac1 Qd5+ 26.e4 Qb3 27.Rxc8 Rxc8 28.e5 Be7 29.Rc1 Qd5+
30.Qf3 Qd7 31.Rxc8+ Qxc8 32.h4 h5 33.Qe4 Qc2 34.Qe3 a5 35.Qd4 Qc6+ 36.Kf1 a4
37.Ke2 Kg7 38.Ke3 g5 39.hxg5 Bxg5+ 40.Ke2 Qc2+ 41.Kf1 Qd1+ 42.Kg2 Qg4 43.Qb4 Qxb4
44.Nxb4 Kg6 45.f4 Be7 46.Nd3 Kf5 47.Kf3 f6 48.Ke3 fxe5 49.fxe5 Kg4 50.Kf2 Bg5
51.Kg2 Be3 52.Ne1 Bd4 53.Nd3 Kf5 54.Kh3 Ke4 55.Nf4 Bxb2 56.Nxe6 Bxe5 57.Nc5+ Kd5
58.Nd3 Bd6 59.Kh4 Kc4 60.Nf4 b4  0-1

[Event "24th Panevezys Open"]
[Site "Panevezys LTU"]
[Date "2011.08.14"]
[Round "7.12"]
[White "Lepeskaite,M"]
[Black "Novikovas,A"]
[Result "1-0"]
[WhiteElo "1788"]
[BlackElo "1979"]

1.d4 Nf6 2.c4 e6 3.g3 d5 4.Bg2 Be7 5.Nf3 O-O 6.O-O c6 7.Nbd2 Nbd7 8.Qc2 Re8
9.e4 dxe4 10.Nxe4 Nxe4 11.Qxe4 Nf6 12.Qc2 h6 13.Rd1 Qa5 14.Ne5 c5 15.Bd2 Qc7
16.Bc3 Nd7 17.f4 Nf6 18.d5 exd5 19.cxd5 Ng4 20.Qd3 Bd6 21.Nc4 Bd7 22.h3 Nf6
23.Be5 Bxe5 24.fxe5 Nh5 25.Qf3 Rxe5 26.d6  1-0

[Event "Stare Mesto FIDE Open"]
[Site "Stare Mesto CZE"]
[Date "2011.08.14"]
[Round "4.24"]
[White "Benes,Mir"]
[Black "Hrdina,R"]
[Result "0-1"]
[WhiteElo "1978"]
[BlackElo "2089"]

1.d4 Nf6 2.c4 e6 3.g3 d5 4.Bg2 Be7 5.Nf3 b6 6.O-O O-O 7.Qc2 Bb7 8.a4 Nbd7
9.a5 c5 10.cxd5 exd5 11.a6 Bc6 12.Nc3 c4 13.Ne5 Nxe5 14.dxe5 Ne8 15.Rd1 Nc7
16.Nxd5 Bxd5 17.e4 Be6 18.Rxd8 Rfxd8 19.Be3 Rd7 20.f4 Rd3 21.Kf2 Rad8 22.Bf1 Rxe3
23.Kxe3 Bg4 24.Kf2 Bc5+ 25.Kg2 Be3 26.Be2 Bxe2 27.Kh3 Bd3 28.Rd1 Ne6 29.Qa4 g6
30.Qc6 Kg7 31.Qb7 Nc5 32.Qc6 Ne6 33.Kh4 h5 34.f5 gxf5 35.exf5 Bg5+ 36.Kh3 Bxf5+
37.Kg2 Rxd1 38.Qxc4  0-1

[Event "Stare Mesto FIDE Open"]
[Site "Stare Mesto CZE"]
[Date "2011.08.14"]
[Round "4.12"]
[White "Spacek,M"]
[Black "Uricar,J"]
[Result "0-1"]
[WhiteElo "1747"]
[BlackElo "2226"]

1.d4 d5 2.c4 e6 3.Nf3 Nf6 4.g3 Be7 5.Bg2 O-O 6.O-O b6 7.Nc3 Bb7 8.b3 c5 9.e3 dxc4
10.bxc4 Ne4 11.Bb2 Bf6 12.Qc2 Nxc3 13.Bxc3 Qe7 14.Rab1 Na6 15.Nd2 cxd4 16.exd4 Rfd8
17.Bxb7 Qxb7 18.c5 Bxd4 19.Bxd4 Rxd4 20.cxb6 axb6 21.Qc3 Rad8 22.Nc4 Qc7
23.Rfc1 h5 24.Nxb6 Rd1+ 25.Kg2 Qxc3  0-1

[Event "50th World Juniors"]
[Site "Chennai IND"]
[Date "2011.08.15"]
[Round "13"]
[White "Turqueza,M"]
[Black "Hemant,S2"]
[Result "1/2-1/2"]
[WhiteElo "2235"]
[BlackElo "2247"]

1.d4 d5 2.c4 e6 3.Nf3 Nf6 4.g3 Be7 5.Bg2 O-O 6.O-O c6 7.Qc2 Nbd7 8.Nbd2 b6
9.e4 Ba6 10.b3 Rc8 11.Bb2 c5 12.exd5 exd5 13.Qf5 Re8 14.Rfe1 g6 15.Qh3 cxd4
16.Bxd4 Nc5 17.Ng5 h5 18.Ndf3 Ng4 19.Nxf7 Kxf7 20.Ne5+ Nxe5 21.Rxe5 Bf6 22.Bxd5+ Kg7
23.Rxe8 Qxe8 24.Bxf6+ Kxf6 25.b4 Qe5 26.Rd1 Qf5 27.Qh4+ Qg5 28.Qd4+ Qe5 29.Qh4+ Qg5
30.Qd4+ Qe5 31.bxc5 Qxd4 32.Rxd4 Rxc5 33.Rf4+ Ke5 34.Re4+ Kf5  1/2-1/2

[Event "29th World Junior Girls"]
[Site "Chennai IND"]
[Date "2011.08.15"]
[Round "13"]
[White "Hema,P"]
[Black "Brunello,R"]
[Result "1/2-1/2"]
[WhiteElo "1885"]
[BlackElo "2036"]

1.d4 d5 2.Nf3 Nf6 3.c4 e6 4.g3 Be7 5.Bg2 O-O 6.O-O dxc4 7.Qc2 a6 8.a4 Bd7
9.Qxc4 Bc6 10.Bf4 Nbd7 11.Nc3 Nb6 12.Qb3 Nbd5 13.Bd2 Nxc3 14.bxc3 Ne4 15.Bf4 Bf6
16.Rfd1 b5 17.axb5 axb5 18.Rxa8 Qxa8 19.Qb2 Rc8 20.Ra1 Qb7 21.Be5 Bd5 22.Ra5 Rb8
23.Bxf6 gxf6 24.Ne1 Nd6 25.Bxd5 Qxd5 26.Qa2 Qc6 27.Qa1 Ne4 28.Ra3 b4 29.cxb4 Rxb4
30.f3 Nd2 31.Qc3 Qxc3 32.Rxc3 Rxd4 33.Rxc7 Nc4 34.Kf2 Nd6 35.Nd3 Ra4 36.Rd7 Nb5
37.Nf4 Ra8 38.g4 Nc3 39.Rd3 Rc8 40.e4 Kf8 41.Rd7 Ke8 42.Rb7 Nd1+ 43.Kg3 Ne3
44.Nh5 f5 45.gxf5 exf5 46.Nf6+ Kf8 47.Nxh7+ Kg8 48.Ng5 Rc2 49.Kf4 Nc4 50.h4 fxe4
51.Nxe4 Rc1 52.Rc7 Rc2 53.Ng5 Ne3 54.Rxc2 Nxc2 55.Kf5 Kg7 56.f4 Ne3+ 57.Ke4 Ng2
58.Nf3 Kh6 59.Kf5 Kh5 60.Kf6 Nxf4 61.Kxf7 Ng2  1/2-1/2

[Event "26th Universiade Men"]
[Site "Shenzhen CHN"]
[Date "2011.08.16"]
[Round "3.4"]
[White "Grigoryan,Av"]
[Black "Olszewski,Mi"]
[Result "1-0"]
[WhiteElo "2608"]
[BlackElo "2541"]

1.d4 Nf6 2.c4 e6 3.Nf3 d5 4.g3 Be7 5.Bg2 O-O 6.O-O dxc4 7.Qc2 b5 8.a4 b4
9.Nfd2 c6 10.Nxc4 Qxd4 11.Be3 Qg4 12.Nbd2 Ba6 13.Ne5 Qh5 14.Ndf3 Ng4 15.Nxg4 Qxg4
16.Rfd1 Qc4 17.Rac1 Qxc2 18.Rxc2 b3 19.Rcd2 Bb4 20.Rd8 Be7 21.Rxf8+ Kxf8
22.Nd4 Bc4 23.Nb5 Na6 24.Bxc6 Rd8 25.Rxd8+ Bxd8 26.Bxa7 Bxe2 27.Nd4 Bd1 28.Bb5 Nc7
29.Bc4 Bf6 30.a5 Ke8 31.Kf1 Kd7 32.Ke1 Bc2 33.Kd2 Bxd4 34.Bxd4 f6 35.Kc3 Kc6
36.Bxb3 Be4 37.Bb6 Nd5+ 38.Kd4 Bg2 39.Ba4+ Kb7 40.Kc5 Nxb6 41.axb6 Bd5 42.Bd7  1-0